| 000 | 01375cam a2200373 a 4500 | ||
|---|---|---|---|
| 001 | 105160 | ||
| 005 | 20230410133053.0 | ||
| 008 | 981116s2000 mau b 001 0 eng d | ||
| 035 | _a151643 | ||
| 010 | _a 98089427 | ||
| 020 | _a073820093X | ||
| 035 | _a(DLC) 98089427 | ||
| 035 | _a(OCoLC)41360469 | ||
| 040 |
_aMPxCWM _cMPxCWM _dDLC |
||
| 042 | _alccopycat | ||
| 050 | 1 | 4 |
_aBJ 1533 _bL424r 2000 |
| 100 | 2 |
_aLawrence-Lightfoot, Sara, _d1944- |
|
| 245 | 1 | 0 |
_aRespect : _ban exploration / _cSara Lawrence-Lightfoot. |
| 260 |
_aReading, Mass. : _bPerseus Books, _cc2000. |
||
| 300 |
_axi, 243 p. ; _c25 cm. |
||
| 500 | _a"A Merloyd Lawrence book." | ||
| 504 | _aIncludes bibliographical references (p. 231-239) and index. | ||
| 505 | 1 | _aCreating symmetry -- Empowerment -- Healing -- Dialogue -- Curiosity -- Self-respect -- Attention. | |
| 520 | 3 | _aExplains why people must view respect not as a passive deference offered to a superior, but as an active force that creates symmetry in all relationships | |
| 650 | 0 | _aRespect. | |
| 650 | 0 | _aSelf-esteem. | |
| 650 | 0 | _aRespect for persons. | |
| 650 | 4 | _aRespeto. | |
| 650 | 4 | _aRespecto por las personas. | |
| 650 | 4 | _aPrimera Jornada de Catalogación. | |
| 856 | 4 | 2 |
_3Publisher description _uhttp://www.loc.gov/catdir/enhancements/fy0831/98089427-d.html |
| 942 |
_2lcc _cbk |
||
| 946 | _aNBM | ||
| 999 |
_c92824 _d92824 |
||